Pokémon - Attacken von Kryppuk in KA/PU - Statistiken

Allgemein
  • Dieses Quiz wurde 3 mal gespielt
  • Das Durchschnittsergebnis liegt bei 13 aus 54
Antwortstatistiken
Antwort % Korrekt
Hypnose
100%
Konfusstrahl
100%
Psychokinese
100%
Psystrahl
100%
Schattenstoß
100%
Spukball
100%
Erholung
50%
Felsgrab
50%
Finsteraura
50%
Fluch
50%
Irrlicht
50%
Leidteiler
50%
Memento-Mori
50%
Phantomkraft
50%
Ränkeschmied
50%
Regentanz
50%
Schlafrede
50%
Sonnentag
50%
Tiefschlag
50%
Traumfresser
50%
Abgangsbund
0%
Ausdauer
0%
Aussetzer
0%
Begrenzer
0%
Bizarroraum
0%
Bodyslam
0%
Bürde
0%
Delegator
0%
Eissturm
0%
Fähigkeitstausch
0%
Fassade
0%
Frustventil
0%
Gedankengut
0%
Gegenstoß
0%
Gigastoß
0%
Grimasse
0%
Groll
0%
Hyperstrahl
0%
Kraftvorrat
0%
Nachtnebel
0%
Neidflammen
0%
Poltergeist
0%
Psychoschock
0%
Raub
0%
Rauchwolke
0%
Rechte Hand
0%
Schmarotzer
0%
Schutzschild
0%
Seitentausch
0%
Standpauke
0%
Tera-Ausbruch
0%
Toxin
0%
Trickbetrug
0%
Verhöhner
0%
Keine übereinstimmenden Quizze gefunden
Verteilung der Resultate
Anzahl Personen mit jedem Resultat
Perzentil nach korrekt beantworteten Fragen
Ihre Resultats-Entwicklung
Sie haben dieses Quiz noch nicht gespielt